Premiers of New Brunswick - Statistics

General Stats
  • This quiz has been taken 2 times
  • The average score is 6 of 35
Answer Stats
Years Served Party Premier % Correct
1999 - 2006 Progressive Consrvative Bernard Lord
100%
2018 - 2024 Progressive Conservative Blaine Higgs
100%
2014 - 2018 Liberal Brian Gallant
100%
1987 - 1997 Liberal Frank McKenna
100%
2024 - Present Liberal Susan Holt
100%
1998 - 1999 Liberal Camille Thériault
50%
1960 - 1970 Liberal Louis Joseph Robichaud
50%
1935 - 1940 Liberal Allison A. Dysart
0%
1883 - 1896 Liberal Andrew G. Blair
0%
1867 - 1870 Confederation Andrew R. Wetmore
0%
1931 - 1933 Conservative Charles D. Richards
0%
1907 - 1908 Liberal Clifford W. Robinson
0%
1882 - 1883 Conservative Daniel L. Hanington
0%
2010 - 2014 Progressive Conservative David Alward
0%
1914 - 1917 Conservative George Clarke
0%
1870 - 1871 Conservative George E. King
0%
1872 - 1878 Conservative George E. King
0%
1871 - 1872 Conservative George L. Hathaway
0%
1897 - 1900 Liberal Henry Emmerson
0%
1952 - 1960 Progressive Conservative Hugh John Flemming
0%
1917 Conservative James A. Murray
0%
1911 - 1914 Conservative James Kidd Flemming
0%
1896 - 1897 Liberal James Mitchell
0%
1925 - 1931 Conservative John B. M. Baxter
0%
1940 - 1952 Liberal John B. McNair
0%
1908 - 1911 Conservative John Douglas Hazen
0%
1878 - 1882 Conservative John James Fraser
0%
1900 - 1907 Liberal Lemuel J. Tweedie
0%
1933 - 1935 Conservative Leonard P. D. Tilley
0%
1923 - 1925 Liberal Peter J. Veniot
0%
1997 - 1998 Liberal Ray Frenette
0%
1970 - 1987 Progressive Conservative Richard Bennett Hatfield
0%
2006 - 2010 Liberal Shawn Graham
0%
1917 - 1923 Liberal Walter E. Foster
0%
1907 Liberal William Pugsley
0%
No matching quizzes found
Score Distribution
Percent of People with Each Score
Percentile by Number Answered
Your Score History
You have not taken this quiz